000 00333nam a2200157Ia 4500
100 _aBathe/Klaus Jurgen
250 _a7
942 _cBK
654 _afinite element
245 _aFinite element procedures
260 _bTata Mc Graw hill
_c1994
082 _a620.0015
_bBAT
300 _a381
546 _aENGLISH
999 _c34596
_d34596